MARC details
| 000 -LEADER |
| campo de control de longitud fija |
02442nam a2200421 i 4500 |
| 001 - NÚMERO DE CONTROL |
| campo de control |
193318 |
| 003 - IDENTIFICADOR DE NÚMERO DE CONTROL |
| campo de control |
SpMaBN |
| 005 - FECHA Y HORA DE LA ÚLTIMA TRANSACCIÓN |
| campo de control |
20240901063027.0 |
| 007 - CAMPO FIJO DE DESCRIPCIÓN FÍSICA--INFORMACIÓN GENERAL |
| campo de control de longitud fija |
ta |
| 008 - DATOS DE LONGITUD FIJA--INFORMACIÓN GENERAL |
| campo de control de longitud fija |
231102s2010 sp | |||| 000 f spa |
| 017 ## - NÚMERO DE COPYRIGHT O DE DEPÓSITO LEGAL |
| Número de copyright o de depósito legal |
M 32196-2010 |
| Agencia que asigna |
Oficina Depósito Legal Madrid |
| 020 ## - NÚMERO INTERNACIONAL ESTÁNDAR DEL LIBRO |
| Número Internacional Estándar del Libro |
9788497349963 |
| 035 ## - NÚMERO DE CONTROL DEL SISTEMA |
| Número de control de sistema |
(OCoLC)1322828339 |
| 035 ## - NÚMERO DE CONTROL DEL SISTEMA |
| Número de control de sistema |
a7117949 |
| 040 ## - FUENTE DE CATALOGACIÓN |
| Centro catalogador/agencia de origen |
SpMaBN |
| Lengua de catalogación |
spa |
| Centro/agencia transcriptor |
SpMaBN |
| Normas de descripción |
rda |
| Centro/agencia modificador |
ES-MaACL |
| 080 ## - NÚMERO DE LA CLASIFICACIÓN DECIMAL UNIVERSAL |
| Número de la Clasificación Decimal Universal |
821.134.2-31"19" |
| 100 1# - ENTRADA PRINCIPAL--NOMBRE DE PERSONA |
| Nombre de persona |
Pérez Henares, Antonio, |
| Fechas asociadas al nombre |
1953- |
| Término indicativo de función/relación |
Autor |
| 9 (RLIN) |
138463 |
| 245 13 - MENCIÓN DEL TÍTULO |
| Título |
La mirada del lobo : |
| Resto del título |
la novela que relata cómo el hombre y el lobo unieron sus destinos / |
| Mención de responsabilidad, etc. |
Antonio Pérez Henares |
| 250 ## - MENCION DE EDICION |
| Mención de edición |
Primera edición: octubre de 2010. |
| 264 #1 - PRODUCCIÓN, PUBLICACIÓN, DISTRIBUCIÓN, FABRICACIÓN Y COPYRIGHT |
| Producción, publicación, distribución, fabricación y copyright |
Madrid : |
| Nombre del de productor, editor, distribuidor, fabricante |
La Esfera de los Libros, |
| Fecha de producción, publicación, distribución, fabricación o copyright |
2010 |
| 300 ## - DESCRIPCIÓN FÍSICA |
| Extensión |
256 páginas ; |
| Dimensiones |
24 cm |
| 336 ## - TIPO DE CONTENIDO |
| Término de tipo de contenido |
Texto |
| Fuente |
rdacontent |
| 337 ## - TIPO DE MEDIO |
| Nombre/término del tipo de medio |
sin mediación |
| Fuente |
rdamedia |
| 338 ## - TIPO DE SOPORTE |
| Nombre/término del tipo de soporte |
volumen |
| Fuente |
rdacarrier |
| 490 1# - MENCIÓN DE SERIE |
| Mención de serie |
Novela histórica |
| 500 ## - NOTA GENERAL |
| Nota general |
Índice |
| 500 ## - NOTA GENERAL |
| Nota general |
Cuarto libro de la saga prehistórica. |
| 520 ## - RESUMEN, ETC. |
| Sumario, etc. |
El hombre y el lobo se habían visto cada invierno. Pero el lobo había observado mucho más tiempo al hombre que el hombre al lobo. Sabía más el lobo del hombre que el hombre del lobo. Y era el lobo quien se acercaba al hombre y lo miraba...Así comienza esta apasionante novela en la que Antonio Pérez Henares recrea con inigualable maestría, con una sensibilidad a flor de tierra, aquel momento prehistórico en el que el lobo y el hombre cruzaron sus caminos para iniciar una relación de lealtad y amistad que todavía perdura.... El hombre aún pensó, mientras volvían a cerrársele los ojos al calor de la hoguera, ¿había hecho bien trayendo al lobo? Y, de repente, otra idea asaltó su cerebro somnoliento. Tal vez el lobo también estuviera pensando si había hecho bien viniendo al fuego del hombre. |
| 655 #0 - TERMINO DE INDIZACIÓN--GENERO/FORMA |
| Datos o término principal de género/forma |
Novelas de acción y aventuras |
| Fuente del término |
tgfbne |
| 9 (RLIN) |
234459 |
| 830 ## - PUNTO DE ACCESO ADICIONAL DE SERIE-TÍTULO UNIFORME |
| 9 (RLIN) |
234263 |
| Título uniforme |
Novela histórica (La Esfera de los Libros) |
| 852 ## - LOCALIZACIÓN |
| Ubicación |
ES-MaACL |
| Sublocalización o colección |
R.154737 |
| itemnumber |
200763 |
| Número de control de estantería |
N-9511 |
| Ubicación en estantería |
Depósito J |
| Donativo/Legado |
Donación: Antonio Pérez Henares |
| Anotaciones manuscritas |
Dedicatoria autógrafa del autor |
| Encuadernación |
Encuadernación cartoné con sobrecubiertas |
| 903 ## - NOMBRE PERSONAL DE DONANTE |
| a |
Pérez Henares, Antonio, |
| d |
1953- |
| e |
Donante |
| 9 |
138463 |
| 942 ## - ELEMENTOS DE ENTRADA SECUNDARIOS (KOHA) |
| Suprimir en OPAC |
No |
| Tipo de ítem Koha |
Libro impreso |